000
00267nam a2200097Ia 4500
001
994746
005
20250826221433.0
008
250824s9999 xx 000 0 und d
245
0
_a
HİÇBİR KARŞILAŞMA TESADÜF DEĞİLDİR
_c
HAKAN MENGÜÇ
260
_b
DESTEK YAYINLARI
999
_c
994746
_d
994746